000
002580000a22000970004500
100
1
_a
Arias, Mortimer
245
1
0
_a
¿Qué hay detrás de "La Gran Comisión"?
300
_a
Vol. 7, Num 1 y 2 (1987), Páginas 47-55
773
0
_t
Vida y pensamiento
942
_c
ANA
999
_c
52804
_d
52804